00273nam a22000977a 4500008004100000082001700041100000800058245007300066260001600139300002000155230704b xxu||||| |||| 00| 0 eng d a342.951bROK cROK aSocialist Constitution of The Democratic Peaople's Republic of Korea aKoreac1993 avarrious paging